La integración latinoamericana: visiones regionales y subregionales /

সংরক্ষণ করুন:
গ্রন্থ-পঞ্জীর বিবরন
প্রধান লেখক: Solís, Luis Guillermo
অন্যান্য লেখক: Rojas Aravena, Francisco
বিন্যাস: অজ্ঞাত
প্রকাশিত: San José: Juricentro. OBREAL. FLACSO
বিষয়গুলি:
ট্যাগগুলো: ট্যাগ যুক্ত করুন
কোনো ট্যাগ নেই, প্রথমজন হিসাবে ট্যাগ করুন!

MARC

LEADER 00000 a2200000 04500
001 35882
003
008 991231s d
040
090 |a 0001 S687i  
100 |a Solís, Luis Guillermo  
245 |a La integración latinoamericana: visiones regionales y subregionales /  |c Luis Guillermo Solís 
260 |a San José:   |b Juricentro. OBREAL. FLACSO  
300 |a 378 p.  
650 |a RELACIONES EXTERIORES  
650 |a INTEGRACION REGIONAL  
650 |a UNION EUROPEA  
650 |a AMERICA LATINA  
700 |a   
700 |a Rojas Aravena, Francisco  
700 |a   
999 |c 6347  |d 6347